书目信息 |
| 题名: |
无性伴侣
|
|
| 作者: | 唐颖 著 | |
| 分册: | ||
| 出版信息: | 北京 作家出版社 2001.04 |
|
| 页数: | 171页 | |
| 开本: | 20cm | |
| 丛书名: | ||
| 单 册: | ||
| 中图分类: | I247.57 | |
| 科图分类: | ||
| 主题词: | 小说--中国 | |
| 电子资源: | ||
| ISBN: | 7-5063-2089-4 | |
| 000 | 00518nam0 2200193 45 | |
| 001 | 0359386185 | |
| 005 | 2003041816294610 | |
| 010 | @a7-5063-2089-4@dRMB 11.00 | |
| 100 | @a20030418d2001 km y0chiy0120 ea | |
| 101 | 0 | @achi |
| 102 | @aCN@b110000 | |
| 200 | 1 | @a无性伴侣@AWu Xing Ban Lu@f唐颖著@Ftang ying zhu |
| 210 | @a北京@c作家出版社@d2001.04 | |
| 215 | @a171页@d20cm | |
| 606 | 0 | @a小说@x中国 |
| 690 | @aI247.57@v4 | |
| 701 | 0 | @a唐颖@Atang ying@4著 |
| 801 | 0 | @aCN@bPFT@c20030418 |
| 905 | @a安徽大学@dI247.57@eT2721 | |
| 无性伴侣/唐颖著.-北京:作家出版社,2001.04 |
| 171页;20cm |
| ISBN 7-5063-2089-4:RMB 11.00 |
| ● |
| 相关链接 |
|
|
|
正题名:无性伴侣
索取号:I247.57/T2721
 
预约/预借
| 序号 | 登录号 | 条形码 | 馆藏地/架位号 | 状态 | 备注 |
| 1 | 365798 | 203657989 | 社科二线422/422社科库 2排2列5层/ [索取号:I247.57/T2721] | 在馆 | |
| 2 | 365799 | 203657998 | 社科二线422/422社科库 2排2列5层/ [索取号:I247.57/T2721] | 在馆 |